Statistics for Oxford Dictionaries Top 1000 English Words - 40 Start with B

Click here to take the quiz!

General Stats

  • This quiz has been taken 5,281 times
  • The average score is 17 of 40

Answer Stats

B% Correct
Be
100%
But
78%
Bar
76%
Ball
75%
Back
74%
Bad
73%
By
73%
Buy
64%
Band
59%
Bring
56%
Bill
55%
Because
52%
Big
52%
Before
50%
Beat
49%
Base
48%
Bank
44%
Black
44%
Boy
44%
Both
43%
Begin
41%
Break
41%
Book
40%
Believe
36%
Behind
35%
Between
33%
Build
31%
Become
30%
Blood
30%
Body
29%
Board
24%
Business
23%
Box
22%
Building
21%
Battle
16%
Behaviour
16%
Beyond
16%
Billion
16%
Basis
14%
Benefit
9%

Score Distribution

Percentile by Number Answered

Percent of People with Each Score

Your Score History

You have not taken this quiz